El proceso del capitalismo en Colombia : (Registro nro. 5413)

Detalles MARC
000 -LEADER
fixed length control field 01009nam a2200229Ia 4500
003 - CONTROL NUMBER IDENTIFIER
control field OSt
005 - DATE AND TIME OF LATEST TRANSACTION
control field 20200528114622.0
008 - FIXED-LENGTH DATA ELEMENTS--GENERAL INFORMATION
fixed length control field 191128s1977 ck gr 000 0dspa d
040 ## - CATALOGING SOURCE
Original cataloging agency CO-JMCR
Transcribing agency CO-JMCR
041 0# - LANGUAGE CODE
Language code of text/sound track or separate title spa
082 04 - DEWEY DECIMAL CLASSIFICATION NUMBER
Classification number 330.122 /
Item number A662p
Edition number 23
100 1# - MAIN ENTRY--PERSONAL NAME
Personal name Arango Jaramillo, Mario,
Relator term autor
9 (RLIN) 4803
245 13 - TITLE STATEMENT
Title El proceso del capitalismo en Colombia :
Remainder of title las tres grandes contradiccciones del modo de producción colonial /
Statement of responsibility, etc. Mario Arango Jaramillo
250 ## - EDITION STATEMENT
Edition statement Segundo edición
260 ## - PUBLICATION, DISTRIBUTION, ETC.
Place of publication, distribution, etc. Medellín :
Name of publisher, distributor, etc. Hombre Nuevo,
Date of publication, distribution, etc. 1977
300 ## - PHYSICAL DESCRIPTION
Extent 115 páginas ;
Dimensions 17 cm.
504 ## - BIBLIOGRAPHY, ETC. NOTE
Bibliography, etc. note Bibliografía: páginas 112-115.
505 ## - FORMATTED CONTENTS NOTE
Formatted contents note La producción mercantil bajo el modo de producción colonial -- Aspectos generales sobre la producción mercantil -- La mineria: producción hacia el mercado mundial -- La tierra --La manufactura colonial -- Acumulación de capitales y excedente económico
650 14 - SUBJECT ADDED ENTRY--TOPICAL TERM
Topical term or geographic name entry element Historia económica
9 (RLIN) 4806
650 24 - SUBJECT ADDED ENTRY--TOPICAL TERM
Topical term or geographic name entry element Producción Capitalismo
9 (RLIN) 4805
942 ## - ADDED ENTRY ELEMENTS (KOHA)
Source of classification or shelving scheme Dewey Decimal Classification
Koha item type Books
Existencias
Withdrawn status Lost status Source of classification or shelving scheme Materials specified (bound volume or other part) Damaged status Not for loan Home library Current library Shelving location Date acquired Source of acquisition Cost, normal purchase price Total Checkouts Full call number Barcode Date last seen Copy number Price effective from Koha item type
    Dewey Decimal Classification Donación--15/04/2018--     Biblioteca Pública José María del Castillo y Rada Biblioteca Pública José María del Castillo y Rada General Stacks 11/28/2019 Donación 0.00   330.122 / A662p 430001876 05/16/2024 T.2 / Ej.1 11/28/2019 Books